[Event "CZE-chT2C 2223"]
[Site "Czech Republic"]
[Date "2023.01.22"]
[Round "7.8"]
[White "Kaplan, Tomas"]
[Black "Sykora, Ondrej"]
[Result "1/2-1/2"]
[WhiteElo "1907"]
[BlackElo "2089"]
[PlyCount "41"]
[EventDate "2022.10.16"]
[EventType "team-tourn"]
[EventRounds "11"]
[EventCountry "CZE"]
[SourceTitle "EXT 2024"]
[Source "ChessBase"]
[SourceDate "2023.10.10"]
[SourceVersion "1"]
[SourceVersionDate "2023.10.10"]
[SourceQuality "1"]
[WhiteTeam "Kolin"]
[BlackTeam "Turnov Zikuda II"]
[WhiteTeamCountry "CZE"]
[BlackTeamCountry "CZE"]

1. e4 e5 2. Nf3 Nc6 3. Nc3 Nf6 4. d4 exd4 5. Nxd4 Nxe4 6. Nxe4 Qe7 7. f3 d5 8. Nxc6 bxc6 9. Qe2 dxe4 10. Qxe4 Qxe4+ 11. fxe4 Bd6 12. Bc4 f6 13. 0-0 Ke7 14. Be3 Rd8 15. Rad1 a5 16. h3 Be6 17. Bxe6 Kxe6 18. Kf2 Be5 19. b3 a4 20. Rxd8 Rxd8 21. Ke2 1/2-1/2

[Event "Pardubice Czech op-E 33rd"]
[Site "Pardubice"]
[Date "2022.07.16"]
[Round "5.4"]
[White "Sykora, Ondrej"]
[Black "Vojta, Tomas"]
[Result "1/2-1/2"]
[WhiteElo "2099"]
[BlackElo "2319"]
[PlyCount "150"]
[EventDate "2022.07.14"]
[EventType "team-swiss"]
[EventRounds "7"]
[EventCountry "CZE"]
[SourceTitle "CBM 209 Extra"]
[Source "ChessBase"]
[SourceDate "2022.09.30"]
[SourceVersion "1"]
[SourceVersionDate "2022.09.30"]
[SourceQuality "1"]
[WhiteTeam "Turnov Zikuda III"]
[BlackTeam "Beskydy Chess School S"]
[WhiteTeamCountry "CZE"]
[BlackTeamCountry "CZE"]

1. Nf3 d5 2. d4 Nf6 3. e3 Bg4 4. b3 e6 5. Bb2 Nbd7 6. Nbd2 Ne4 7. Be2 Bb4 8. 0-0 Nc3 9. Qe1 Nxe2+ 10. Qxe2 c6 11. c3 Be7 12. c4 0-0 13. e4 Bb4 14. Qd3 dxe4 15. Nxe4 Bf5 16. Qe3 Re8 17. Ng3 Bg6 18. Rfd1 Qc7 19. Nh4 Bd6 20. Nxg6 hxg6 21. Qf3 Rad8 22. Nf1 Nf6 23. g3 Be7 24. Ne3 Rd7 25. Rac1 Qa5 26. a4 Red8 27. Nc2 Ne8 28. Bc3 Qc7 29. Rd3 Bf6 30. Rcd1 Qb6 31. Ba1 a5 32. Kg2 Qc7 33. Ne3 c5 34. Nc2 cxd4 35. Bxd4 Qc6 36. R3d2 Qxf3+ 37. Kxf3 Bg5 38. Re2 Nc7 39. Kg4 Be7 40. Red2 f5+ 41. Kh3 Bc5 42. Kg2 Na6 43. Bc3 Rxd2 44. Rxd2 Rxd2 45. Bxd2 b6 46. f4 Kf7 47. Bc3 Be7 48. Bd4 Nc5 49. Ne1 Bf6 50. Be3 Ke7 51. Bxc5+ bxc5 52. Nf3 Kd6 53. g4 fxg4 54. Nd2 Bh4 55. Ne4+ Kc6 56. Kf1 Bf6 57. Kf2 e5 58. Kg3 exf4+ 59. Kxf4 Bd4 60. Kxg4 Be3 61. Kf3 Bd4 62. Kf4 Bf6 63. Nd2 Be7 64. Ke4 Kd6 65. Nf3 Bf6 66. h3 Ke6 67. Ne1 Be7 68. Nd3 Bd6 69. Ne1 Be7 70. Nc2 Bg5 71. Na3 Bf6 72. Nb5 Be5 73. Na3 Bf6 74. Nc2 Bg5 75. Ne1 Be7 1/2-1/2

[Event "Ceske Budejovice op-A"]
[Site "Ceske Budejovice"]
[Date "2022.07.08"]
[Round "8"]
[White "Sykora, Ondrej"]
[Black "Abdulla, Khayala Mardan Qizi"]
[Result "1-0"]
[WhiteElo "2099"]
[BlackElo "2207"]
[PlyCount "115"]
[EventDate "2022.07.01"]
[EventType "swiss"]
[EventRounds "9"]
[EventCountry "CZE"]
[SourceTitle "CBM 209 Extra"]
[Source "ChessBase"]
[SourceDate "2022.09.30"]
[SourceVersion "1"]
[SourceVersionDate "2022.09.30"]
[SourceQuality "1"]

1. d4 Nf6 2. Nf3 e6 3. e3 d5 4. Nbd2 c5 5. c3 Nc6 6. Be2 Bd6 7. 0-0 0-0 8. dxc5 Bxc5 9. b4 Bd6 10. a3 e5 11. c4 e4 12. Nd4 Qe7 13. c5 Bb8 14. Nxc6 bxc6 15. Bb2 Nd7 16. Re1 Ne5 17. Nf1 Qg5 18. a4 Bc7 19. Bc3 Re8 20. g3 Bh3 21. Nd2 Re6 22. Ra3 Qf5 23. Bxe5 Bxe5 24. f4 exf3 25. Bxf3 Rf6 26. e4 Qg5 27. Nf1 Bxf1 28. Kxf1 h5 29. Kg2 h4 30. exd5 Bxg3 31. hxg3 Qxg3+ 32. Kh1 Qh3+ 33. Kg1 Rg6+ 34. Kf2 Qg3+ 35. Ke3 Re8+ 36. Kd2 Qf4+ 37. Kc2 Qc4+ 38. Rc3 Qa2+ 39. Kd3 Rd8 40. d6 Rg3 41. Re3 Qb2 42. Kc4 a5 43. Rb3 Qf6 44. Qd4 Qg5 45. Qe5 Qg6 46. Qe4 Qg5 47. Qxc6 Qf4+ 48. Kb5 g6 49. Kxa5 h3 50. Qe4 Qh6 51. Qe7 Rb8 52. d7 h2 53. d8Q+ Rxd8 54. Qxd8+ Kh7 55. Re8 Qf4 56. Rh8+ Kg7 57. Qf8+ Kf6 58. Qd6+ 1-0

[Event "Liberec Desko op"]
[Site "Liberec"]
[Date "2021.07.22"]
[Round "7"]
[White "Finek, Vaclav"]
[Black "Sykora, Ondrej"]
[Result "1-0"]
[WhiteElo "2378"]
[BlackElo "2099"]
[PlyCount "93"]
[EventDate "2021.07.17"]
[EventType "swiss"]
[EventRounds "9"]
[EventCountry "CZE"]
[SourceTitle "CBM 203 Extra"]
[Source "ChessBase"]
[SourceDate "2021.09.30"]
[SourceVersion "1"]
[SourceVersionDate "2021.09.30"]
[SourceQuality "1"]

1. Nf3 Nf6 2. d4 d5 3. c4 c6 4. e3 Bf5 5. Qb3 Qb6 6. Nc3 e6 7. c5 Qc7 8. Nh4 Bg6 9. g3 Nbd7 10. Nxg6 hxg6 11. Bg2 Be7 12. 0-0 b6 13. cxb6 Qxb6 14. Qd1 0-0 15. b3 Qa5 16. Bd2 Qa3 17. Rc1 Rac8 18. Na4 Qd6 19. Bc3 Qb8 20. Qd2 Rfe8 21. Bb2 Bb4 22. Qc2 Bd6 23. Rfd1 Bb4 24. Qd3 Qb5 25. Bf1 Qxd3 26. Bxd3 Nb8 27. Rc2 Rcd8 28. Rdc1 Nfd7 29. a3 Bd6 30. b4 e5 31. Kg2 a6 32. dxe5 Bxe5 33. Bxe5 Nxe5 34. Bf1 d4 35. exd4 Rxd4 36. Nc5 Red8 37. Re1 Ng4 38. h3 Nf6 39. Nxa6 R4d6 40. Nc5 Kf8 41. Bc4 Rd2 42. Rxd2 Rxd2 43. Re2 Rd4 44. Rc2 Nbd7 45. Nxd7+ Nxd7 46. Be2 Nb8 47. b5 1-0

[Event "Ceske Budejovice op-A"]
[Site "Ceske Budejovice"]
[Date "2020.07.02"]
[Round "2"]
[White "Sykora, Ondrej"]
[Black "Parizek, Vojtech"]
[Result "0-1"]
[WhiteElo "2065"]
[BlackElo "2207"]
[PlyCount "84"]
[EventDate "2020.07.01"]
[EventType "swiss"]
[EventRounds "9"]
[EventCountry "CZE"]
[SourceTitle "CBM 197 Extra"]
[Source "ChessBase"]
[SourceDate "2020.09.30"]
[SourceVersion "1"]
[SourceVersionDate "2020.09.30"]
[SourceQuality "1"]

1. e4 c5 2. c3 Nf6 3. e5 Nd5 4. d4 cxd4 5. Nf3 Nc6 6. cxd4 d6 7. Bc4 e6 8. 0-0 Be7 9. Qe2 0-0 10. a3 a6 11. Qe4 dxe5 12. dxe5 b5 13. Bd3 g6 14. Bh6 Re8 15. Nc3 Na5 16. Nxd5 Qxd5 17. Qe2 Bb7 18. Rad1 Qb3 19. Nd4 Qd5 20. Nf3 Qb3 21. Nd4 Qa4 22. Nf3 Qg4 23. Bd2 Nb3 24. Bc3 Red8 25. Bc2 Bxf3 26. Qxf3 Qxf3 27. gxf3 Nc5 28. Rxd8+ Rxd8 29. Rd1 Rxd1+ 30. Bxd1 Kf8 31. Bc2 Ke8 32. b4 Na4 33. Bd4 Kd7 34. f4 Kc7 35. Kg2 Nb6 36. Be3 Nc4 37. Bc1 Kb6 38. Bb3 a5 39. bxa5+ Kxa5 40. a4 Kb4 41. Bxc4 bxc4 42. Kf3 Kxa4 0-1

[Event "Ceske Budejovice op-A"]
[Site "Ceske Budejovice"]
[Date "2020.07.01"]
[Round "1"]
[White "Simunek, Jakub Simon"]
[Black "Sykora, Ondrej"]
[Result "0-1"]
[WhiteElo "1596"]
[BlackElo "2065"]
[PlyCount "76"]
[EventDate "2020.07.01"]
[EventType "swiss"]
[EventRounds "9"]
[EventCountry "CZE"]
[SourceTitle "CBM 197 Extra"]
[Source "ChessBase"]
[SourceDate "2020.09.30"]
[SourceVersion "1"]
[SourceVersionDate "2020.09.30"]
[SourceQuality "1"]

1. d4 Nf6 2. Nf3 d6 3. Nc3 Bg4 4. e4 Nbd7 5. Be3 c6 6. Be2 Qc7 7. 0-0 e5 8. d5 Be7 9. a3 0-0 10. b4 cxd5 11. Nxd5 Nxd5 12. exd5 Rfc8 13. c4 f5 14. Rc1 f4 15. Bd2 b6 16. Qc2 Nf6 17. Bd3 Qd7 18. Ng5 h6 19. Bh7+ Kf8 20. Ne6+ Bxe6 21. dxe6 Qxe6 22. Bf5 Qf7 23. Bxc8 Rxc8 24. Qf5 Rd8 25. Rfd1 g6 26. Qh3 h5 27. Bc3 Nd7 28. g4 Qe6 29. f3 Nf6 30. Rd2 Kg7 31. Qg2 hxg4 32. fxg4 Nxg4 33. Qd5 Qf5 34. Rcd1 Ne3 35. Qb7 Rd7 36. Bxe5+ Kf7 37. Qc6 Nxd1 38. Rxd1 Qg4+ 0-1

[Event "WchT Seniors 50"]
[Site "Prague"]
[Date "2020.03.06"]
[Round "1.19"]
[White "Laloucek, Miroslav"]
[Black "Sykora, Ondrej"]
[Result "0-1"]
[WhiteElo "1733"]
[BlackElo "2048"]
[PlyCount "74"]
[EventDate "2020.03.06"]
[EventType "team-swiss"]
[EventRounds "7"]
[EventCountry "CZE"]
[SourceTitle "CBM 195 Extra"]
[Source "ChessBase"]
[SourceDate "2020.05.31"]
[SourceVersion "1"]
[SourceVersionDate "2020.05.31"]
[SourceQuality "1"]
[WhiteTeam "Czech Republic 50 XIV"]
[BlackTeam "Czech Republic 50 IV"]
[WhiteTeamCountry "CZE"]
[BlackTeamCountry "CZE"]

1. d4 d6 2. g3 c6 3. Bg2 Bg4 4. c4 Nd7 5. Nc3 e5 6. dxe5 dxe5 7. a3 Ngf6 8. b4 a5 9. b5 Qc7 10. bxc6 bxc6 11. Be3 Rc8 12. Nf3 Be7 13. 0-0 0-0 14. Qc2 Nc5 15. Nd2 Ne6 16. Nde4 Nd7 17. Rfd1 f5 18. f3 Bh5 19. Nf2 Bg6 20. Bc1 Nd4 21. Qa2 Nc5 22. e3 Ndb3 23. Rb1 Nxc1 24. Rbxc1 Rcd8 25. Rxd8 Rxd8 26. Rd1 Rxd1+ 27. Nfxd1 Bf7 28. Bf1 Qb6 29. Qb2 Qa7 30. Kf2 Be6 31. Nb1 e4 32. Qe5 exf3 33. Kxf3 Kf7 34. Nf2 Nd7 35. Qf4 Qb7 36. Bd3 g5 37. Qd4 c5+ 0-1

[Event "Ceske Budejovice op"]
[Site "Ceske Budejovice"]
[Date "2019.07.03"]
[Round "5"]
[White "Nagy, Gabor"]
[Black "Sykora, Ondrej"]
[Result "1-0"]
[WhiteElo "2471"]
[BlackElo "2065"]
[PlyCount "153"]
[EventDate "2019.06.29"]
[EventType "swiss"]
[EventRounds "9"]
[EventCountry "CZE"]
[SourceTitle "CBM 191 Extra"]
[Source "ChessBase"]
[SourceDate "2019.09.30"]
[SourceVersion "1"]
[SourceVersionDate "2019.09.30"]
[SourceQuality "1"]

1. Nf3 d5 2. c4 c6 3. Qa4 e6 4. g3 Nd7 5. cxd5 exd5 6. Bg2 Ngf6 7. 0-0 Bd6 8. d3 0-0 9. Nc3 Re8 10. Qc2 Ne5 11. Nxe5 Bxe5 12. e4 dxe4 13. dxe4 Qe7 14. Re1 Be6 15. h3 Red8 16. Be3 Bd4 17. f4 Bxe3+ 18. Rxe3 Rd4 19. Rae1 Rad8 20. Qf2 Rd2 21. R1e2 Rxe2 22. Rxe2 Bc4 23. Re1 Qb4 24. e5 Ne8 25. Re4 f5 26. Rd4 Rxd4 27. Qxd4 Qb6 28. Qxb6 axb6 29. b3 Bd3 30. Kf2 Nc7 31. Ke3 Bb5 32. g4 g6 33. gxf5 gxf5 34. h4 Kf7 35. Bh3 Ke6 36. Ne4 Nd5+ 37. Kf3 h6 38. Nd6 Bd3 39. Nxb7 Be4+ 40. Kg3 Nc3 41. Bf1 Nxa2 42. Nd6 Nc3 43. Bc4+ Bd5 44. Ba6 Ne4+ 45. Nxe4 Bxe4 46. Kf2 Kd7 47. Ke3 c5 48. Kd2 Bd5 49. Kc3 Kc6 50. Bd3 Be6 51. Bc4 Bc8 52. Bf7 b5 53. b4 c4 54. Kd4 Kd7 55. Kc5 Ke7 56. Bh5 Bb7 57. Kxb5 c3 58. Bd1 Be4 59. Kb6 Kd8 60. b5 c2 61. Bxc2 Bxc2 62. Ka7 Be4 63. b6 Kc8 64. e6 Bc6 65. e7 Kd7 66. b7 Bxb7 67. Kxb7 Kxe7 68. Kc6 Ke6 69. Kc5 Kf6 70. Kd6 Kg6 71. Ke5 Kh5 72. Kxf5 Kxh4 73. Kg6 Kg4 74. f5 h5 75. f6 h4 76. f7 h3 77. f8Q 1-0

[Event "Ceske Budejovice op"]
[Site "Ceske Budejovice"]
[Date "2019.06.29"]
[Round "1"]
[White "Chval, Zdenek1111"]
[Black "Sykora, Ondrej"]
[Result "1/2-1/2"]
[WhiteElo "1667"]
[BlackElo "2065"]
[PlyCount "87"]
[EventDate "2019.06.29"]
[EventType "swiss"]
[EventRounds "9"]
[EventCountry "CZE"]
[SourceTitle "CBM 191 Extra"]
[Source "ChessBase"]
[SourceDate "2019.09.30"]
[SourceVersion "1"]
[SourceVersionDate "2019.09.30"]
[SourceQuality "1"]

1. e4 e5 2. Nf3 Nc6 3. Bb5 a6 4. Ba4 d6 5. d4 b5 6. Bb3 Nxd4 7. Nxd4 exd4 8. Qxd4 c5 9. Qd5 Be6 10. Qc6+ Bd7 11. Qd5 c4 12. Bxc4 bxc4 13. Qxc4 Qc8 14. Qd3 Bb5 15. Qd2 Qg4 16. f3 Qh4+ 17. g3 Qh5 18. Qf2 Nf6 19. Nc3 Be7 20. a4 Bd7 21. g4 Qc5 22. Be3 Qc4 23. g5 Ng8 24. Nd5 Bd8 25. Bd4 Kf8 26. b3 Qc6 27. Rg1 Be6 28. Bxg7+ Kxg7 29. Qd4+ Kf8 30. Qxh8 Bxd5 31. exd5 Ba5+ 32. Kd1 Qxd5+ 33. Kc1 Qd2+ 34. Kb2 Rc8 35. Qxh7 Bc3+ 36. Ka3 Bxa1 37. g6 fxg6 38. Rxa1 Qxc2 39. Qh4 Qc5+ 40. Ka2 Qc2+ 41. Ka3 Rb8 42. Qf4+ Kg7 43. Qd4+ Nf6 44. Qa7+ 1/2-1/2

[Event "CZE-chT2B 1718"]
[Site "Czech Republic"]
[Date "2018.03.18"]
[Round "10.3"]
[White "Polansky, Adam Lubos"]
[Black "Sykora, Ondrej"]
[Result "0-1"]
[WhiteElo "1949"]
[BlackElo "2113"]
[PlyCount "41"]
[EventDate "2017.10.15"]
[EventType "team-tourn"]
[EventRounds "11"]
[EventCountry "CZE"]
[SourceTitle "EXT 2022"]
[Source "ChessBase"]
[SourceDate "2021.10.06"]
[SourceVersion "1"]
[SourceVersionDate "2021.10.06"]
[SourceQuality "1"]
[WhiteTeam "Usti nad Labem"]
[BlackTeam "Jicin"]
[WhiteTeamCountry "CZE"]
[BlackTeamCountry "CZE"]

1. d4 d6 2. e4 Nf6 3. Nc3 Nbd7 4. g4 h6 5. Bg2 e5 6. h3 c6 7. Nge2 Qc7 8. a4 a5 9. 0-0 Be7 10. Be3 h5 11. g5 Nh7 12. f4 exf4 13. Nxf4 Nxg5 14. Nxh5 Rh7 15. h4 Ne6 16. e5 dxe5 17. Be4 g6 18. Qd3 Nef8 19. Qc4 Nb6 20. Qb3 Qd7 21. d5 0-1